000 00597nam a2200181 a 4500
001 000027907
005 20200930031206.0
008 110405s1930 dr 000 0 spa d
040 _aDO-SdBNP
_bspa
_cBNPHU
082 _axxx
_bR426l
110 1 _aRepública Dominicana
_9447
240 1 0 _a[Leyes, etc.]
245 1 0 _aLey electoral de fecha 10 de abril 1926, en las modificaciones votadas por el Congreso Nacional en las leyes nos. 399, 1134, 1239 y 1247.
250 _aed. oficial
260 _aSanto Domingo
_fImprenta J. R. Vda. García
_c1930.
300 _a67 p. ;
_c24 cm.
049 _aBNPD
999 _c27399
_d27399